000 00340nam a22001337a 4500
008 170815b xxu||||| |||| 00| 0 eng d
020 _a9780471433385
041 _aeng
080 _28 ed
_a51
100 _a36
101 _aMAT
245 _aELEMENTARY DIFFERENTIAL EQUATIONS AND BOUNDARY VALUE PROBLEMS
_cBOYCE.W.E
942 _2udc
_cBK
999 _c23446
_d23446